Religious publishing and print culture in modern China: 1800 - 2012
| Contributors: | ; |
|---|---|
| Format: | Print Book |
| Language: | English |
| Subito Delivery Service: | Order now. |
| Check availability: | HBZ Gateway |
| WorldCat: | WorldCat |
| Interlibrary Loan: | Interlibrary Loan for the Fachinformationsdienste (Specialized Information Services in Germany) |
| Published: |
Boston Berlin Munich
De Gruyter
c 2015
|
| In: |
Religion and society (58)
Year: 2015 |
| Reviews: | Religious Publishing and Print Culture in Modern China. 1800–2012 (2016) (Christiansen, Hauke, 1970 -)
|
| Volumes / Articles: | Show volumes/articles. |
| Series/Journal: | Religion and society
58 |
| Standardized Subjects / Keyword chains: | B
China
/ Religion
B China / Religious literature / Publishing house / History 1800-2012 |
| Further subjects: | B
Collection of essays
B Religious literature, Chinese Publishing B China Religion B Conference program |
| Online Access: |
Table of Contents Blurb (Publisher) |
| Parallel Edition: | Electronic
Electronic |
MARC
| LEADER | 00000cam a2200000 c 4500 | ||
|---|---|---|---|
| 001 | 793063574 | ||
| 003 | DE-627 | ||
| 005 | 20251224192055.0 | ||
| 007 | tu | ||
| 008 | 140819s2015 xxu||||| 00| ||eng c | ||
| 010 | |a 2014031456 | ||
| 020 | |a 9781614514992 |c hardcover 23 x 15,5 : alk. paper |9 978-1-61451-499-2 | ||
| 020 | |a 1614514992 |c hardcover 23 x 15,5 : alk. paper |9 1-61451-499-2 | ||
| 024 | 3 | |a 9781614514992 | |
| 035 | |a (DE-627)793063574 | ||
| 035 | |a (DE-576)420526056 | ||
| 035 | |a (DE-599)GBV793063574 | ||
| 035 | |a (OCoLC)911586151 | ||
| 040 | |a DE-627 |b ger |c DE-627 |e rakwb | ||
| 041 | |a eng | ||
| 044 | |c XD-US |c XA-DE | ||
| 050 | 0 | |a BL1803 | |
| 072 | 7 | |a REL 033000 |2 bisacsh | |
| 072 | 7 | |a REL 006000 |2 bisacsh | |
| 072 | 7 | |a REL 000000 |2 bisacsh | |
| 072 | 7 | |a REL 042000 |2 bisacsh | |
| 072 | 7 | |a REL000000 |2 bisacsh | |
| 082 | 0 | |a 070.50951 |q LOC |2 23 | |
| 084 | |a 6,25 |2 ssgn | ||
| 084 | |a 0 |a 1 |2 ssgn | ||
| 084 | |a AN 18620 |q BVB |2 rvk |0 (DE-625)rvk/5810:1913 | ||
| 084 | |a LB 46440 |2 rvk |0 (DE-625)rvk/90561:908 | ||
| 084 | |a 06.23 |2 bkl | ||
| 084 | |a 06.21 |2 bkl | ||
| 084 | |a 15.79 |2 bkl | ||
| 090 | |a a | ||
| 245 | 0 | 0 | |a Religious publishing and print culture in modern China |b 1800 - 2012 |c edited by Philip Clart and Gregory Adam Scott |
| 264 | 1 | |a Boston |a Berlin |a Munich |b De Gruyter |c c 2015 | |
| 300 | |a 349 S. |b Ill. |c 23 cm | ||
| 336 | |a Text |b txt |2 rdacontent | ||
| 337 | |a ohne Hilfsmittel zu benutzen |b n |2 rdamedia | ||
| 338 | |a Band |b nc |2 rdacarrier | ||
| 490 | 1 | |a Religion and society |v vol. 58 | |
| 500 | |a Includes bibliographical references and index | ||
| 583 | 1 | |a Archivierung/Langzeitarchivierung gewährleistet |f SSG |x XA-DE-BW |2 pdager |5 DE-21 | |
| 650 | 0 | |a Religious literature, Chinese |x Publishing | |
| 650 | 0 | |a Religious literature, Chinese |x Publishing | |
| 651 | 0 | |a China |x Religion | |
| 651 | 0 | |a China |x Religion | |
| 655 | 7 | |a Aufsatzsammlung |0 (DE-588)4143413-4 |0 (DE-627)105605727 |0 (DE-576)209726091 |2 gnd-content | |
| 655 | 7 | |a Konferenzschrift |0 (DE-588)1071861417 |0 (DE-627)826484824 |0 (DE-576)433375485 |2 gnd-content | |
| 689 | 0 | 0 | |d g |0 (DE-588)4009937-4 |0 (DE-627)104289031 |0 (DE-576)208885382 |2 gnd |a China |
| 689 | 0 | 1 | |d s |0 (DE-588)4049396-9 |0 (DE-627)106187155 |0 (DE-576)209081880 |2 gnd |a Religion |
| 689 | 0 | |5 (DE-627) | |
| 689 | 1 | 0 | |d g |0 (DE-588)4009937-4 |0 (DE-627)104289031 |0 (DE-576)208885382 |2 gnd |a China |
| 689 | 1 | 1 | |d s |0 (DE-588)4130394-5 |0 (DE-627)105702919 |0 (DE-576)209618639 |2 gnd |a Religiöse Literatur |
| 689 | 1 | 2 | |d s |0 (DE-588)4063004-3 |0 (DE-627)10612949X |0 (DE-576)209146893 |2 gnd |a Verlag |
| 689 | 1 | 3 | |q z |2 gnd |a Geschichte 1800-2012 |
| 689 | 1 | |5 (DE-627) | |
| 700 | 1 | |e editor. |0 (DE-588)139432426 |0 (DE-627)610552163 |0 (DE-576)188049533 |4 oth |a Clart, Philip |d 1963- | |
| 700 | 1 | |a Scott, Gregory Adam |e editor. |4 oth | |
| 776 | 1 | |z 9781614512981 |c PDF | |
| 776 | 1 | |z 9781501500190 |c ePUB | |
| 776 | 0 | 8 | |i Erscheint auch als |n Online-Ausgabe |t Religious publishing and print culture in modern China, 1800 - 2012 |d Boston : De Gruyter, 2015 |h Online-Ressource (349 S.) |w (DE-627)165759887X |w (DE-576)443084394 |z 9781614512981 |z 9781501500190 |k Electronic |
| 776 | 0 | 8 | |i Erscheint auch als |n Online-Ausgabe |t Religious Publishing and Print Culture in Modern China |d Boston : De Gruyter, 2015 |h 1 Online-Ressource (349 Seiten) |w (DE-627)1658610679 |w (DE-576)446769312 |z 9781614512981 |z 9781501500190 |z 9781614512998 |k Electronic |
| 787 | 0 | 8 | |i Rezensiert in |a Christiansen, Hauke, 1970 - |t Religious Publishing and Print Culture in Modern China. 1800–2012 |d 2016 |w (DE-627)1798001233 |
| 830 | 0 | |a Religion and society |v 58 |9 58 |w (DE-627)129455520 |w (DE-576)005789524 |w (DE-600)199301-X |x 1437-5370 |7 am | |
| 856 | 4 | 2 | |u https://swbplus.bsz-bw.de/bsz420526056inh.htm |m B:DE-576;DE-21 |q application/pdf |v 20170623132011 |x Verlag |3 Inhaltsverzeichnis |7 1 |
| 856 | 4 | 2 | |u https://swbplus.bsz-bw.de/bsz420526056kla.htm |m B:DE-576;DE-21 |q application/pdf |v 20170623132012 |x Verlag |3 Klappentext |7 1 |
| 935 | |i sf | ||
| 935 | |i Blocktest | ||
| 936 | r | v | |a AN 18620 |b China |k Allgemeines |k Buch- und Bibliothekswesen, Informationswissenschaft |k Buchwesen |k Geschichte des Buches und Buchwesens |k Buchgeschichte in einzelnen Ländern |k Asien, Orient, Östliche Welt |k Zentral- und Ostasien, Hinterer Orient |k China |0 (DE-627)1271677768 |0 (DE-625)rvk/5810:1913 |0 (DE-576)201677768 |
| 936 | r | v | |a LB 46440 |b China |k Sozial- und Kulturanthropologie. Empirische Kulturwissenschaft |k Soziale und politische Organisation und Praxis |k Religiöse Gruppen und Bewegungen |k Asien (ohne GUS) |k Ostasien |k China |0 (DE-627)1274586488 |0 (DE-625)rvk/90561:908 |0 (DE-576)204586488 |
| 936 | b | k | |a 06.23 |j Buchproduktion |j Buchrestaurierung |0 (DE-627)106403583 |
| 936 | b | k | |a 06.21 |j Buchgeschichte |0 (DE-627)106403605 |
| 936 | b | k | |a 15.79 |j China |x Geschichte |0 (DE-627)181569779 |
| 951 | |a BO | ||
| ACO | |a 1 | ||
| ELC | |b 1 | ||
| ITA | |a 1 |t 1 | ||
| LOK | |0 000 xxxxxcx a22 zn 4500 | ||
| LOK | |0 001 3167798777 | ||
| LOK | |0 003 DE-627 | ||
| LOK | |0 004 793063574 | ||
| LOK | |0 005 20170621092210 | ||
| LOK | |0 008 170614||||||||||||||||ger||||||| | ||
| LOK | |0 040 |a DE-21 |c DE-627 |d DE-21 | ||
| LOK | |0 852 |a DE-21 | ||
| LOK | |0 852 1 |c 57 A 4135 |9 00 | ||
| LOK | |0 935 |a theo | ||
| LOK | |0 936ln |a t2 | ||
| LOK | |0 936ln |a t4.11 | ||
| LOK | |0 938 |a 1706 |f 2 | ||
| LOK | |0 939 |a 14-06-17 |b l01 | ||
| ORI | |a SA-MARC-ixtheoa001.raw | ||
| REF | |a Literaturgeschichte,Religionsgeschichte | ||
| REL | |a 1 | ||
| SPR | |a 1 |t IXT |t REL | ||
| STA | 0 | 0 | |a China,China,China,China,Southwestern China,Southeastern China,Southern China,Western China,Publishing house,Publisher,Religion,Religions,Religion,Religion in literature,Religious literature |
| STB | 0 | 0 | |a Littérature religieuse,Religion,Religions,Religion,Éditeur,Maison d'édition,Maison d'édition |
| STC | 0 | 0 | |a Editorial,Literatura religiosa,Religión,Religión,Religión |
| STD | 0 | 0 | |a Casa editrice,Letteratura religiosa,Religione,Religione,Religione |
| STE | 0 | 0 | |a 出版社,宗教,宗教,宗教文学 |
| STF | 0 | 0 | |a 出版社,宗教,宗教,宗教文學 |
| STG | 0 | 0 | |a Editora,Literatura religiosa,Religião,Religião |
| STH | 0 | 0 | |a Издательство,Религиозная литература,Религия (мотив),Религия |
| STI | 0 | 0 | |a Εκδοτικός οίκος,Θρησκεία (μοτίβο),Θρησκεία,Θρησκευτική λογοτεχνία |
| SUB | |a REL | ||
| SYF | 0 | 0 | |a China,Festlandchina,Greater China,Mainland China,Volksrepublik China , Rotchina,Zhongguo,Zhongguo-Diguo,Kaiserreich Zhongguo,Zhongguo,Chung-kuo,Zhonghua-minguo,Chung-hua-min-kuo,China,Zhonghua-Renmin-Gongheguo,Kaiserreich China,China,PRC,Zhongguo,Shinkoku,Chung-hua-jen-min-kung-ho-kuo,Zhonghua,China,Volksrepublik China,Zhongguo,VR China,China,People's Republic of China,Zhong guo,PRC,Zhonghua renmin gongheguo,République populaire de Chine,Chung-kuo kuo min cheng fu,China,Chine,KNR,Zhongguo,Chinese People's Republic,Kytajsʹkaja Narodnaja Respublika,Chinese People’s Republic,Republic of China,Chung-hua min kuo,Chung-kuo , China,Festlandchina,Greater China,Mainland China,Volksrepublik China , Rotchina,Zhongguo,Zhongguo-Diguo,Kaiserreich Zhongguo,Zhongguo,Chung-kuo,Zhonghua-minguo,Chung-hua-min-kuo,China,Zhonghua-Renmin-Gongheguo,Kaiserreich China,China,PRC,Zhongguo,Shinkoku,Chung-hua-jen-min-kung-ho-kuo,Zhonghua,China,Volksrepublik China,Zhongguo,VR China,China,People's Republic of China,Zhong guo,PRC,Zhonghua renmin gongheguo,République populaire de Chine,Chung-kuo kuo min cheng fu,China,Chine,KNR,Zhongguo,Chinese People's Republic,Kytajsʹkaja Narodnaja Respublika,Chinese People’s Republic,Republic of China,Chung-hua min kuo,Chung-kuo |
| SYG | 0 | 0 | |a China,Festlandchina,Greater China,Mainland China,Volksrepublik China , Rotchina,Zhongguo,Zhongguo-Diguo,Kaiserreich Zhongguo,Zhongguo,Chung-kuo,Zhonghua-minguo,Chung-hua-min-kuo,China,Zhonghua-Renmin-Gongheguo,Kaiserreich China,China,PRC,Zhongguo,Shinkoku,Chung-hua-jen-min-kung-ho-kuo,Zhonghua,China,Volksrepublik China,Zhongguo,VR China,China,People's Republic of China,Zhong guo,PRC,Zhonghua renmin gongheguo,République populaire de Chine,Chung-kuo kuo min cheng fu,China,Chine,KNR,Zhongguo,Chinese People's Republic,Kytajsʹkaja Narodnaja Respublika,Chinese People’s Republic,Republic of China,Chung-hua min kuo,Chung-kuo , Religion,Mystik,Mythologie , China,Festlandchina,Greater China,Mainland China,Volksrepublik China , Rotchina,Zhongguo,Zhongguo-Diguo,Kaiserreich Zhongguo,Zhongguo,Chung-kuo,Zhonghua-minguo,Chung-hua-min-kuo,China,Zhonghua-Renmin-Gongheguo,Kaiserreich China,China,PRC,Zhongguo,Shinkoku,Chung-hua-jen-min-kung-ho-kuo,Zhonghua,China,Volksrepublik China,Zhongguo,VR China,China,People's Republic of China,Zhong guo,PRC,Zhonghua renmin gongheguo,République populaire de Chine,Chung-kuo kuo min cheng fu,China,Chine,KNR,Zhongguo,Chinese People's Republic,Kytajsʹkaja Narodnaja Respublika,Chinese People’s Republic,Republic of China,Chung-hua min kuo,Chung-kuo , Religiöse Dichtung , Verlage,Buchverlag,Verlagsbuchhandlung,Verlagswesen,Verlagsbuchhandel |
| TIM | |a 100018000101_100020121231 |b Geschichte 1800-2012 | ||



